000
00294nam a2200133Ia 4500
008
191201s2010 xx 000 0 und d
100
_a
JAIN, RP
245
0
_a
Modern Digital Electronics
250
_a
4th
260
_c
2010
_b
TMH
_a
N. Delhi
300
_a
712
650
_a
CSE
942
_2
ddc
_c
BB
999
_c
7456
_d
7456